Integrácia 3D skenovania pri výrobe súčiastky v reverznom inžinierstve

Salvato in:
Dettagli Bibliografici
Autore principale: Tekel, Lukáš (Autore)
Altri autori: Pajtinka, Lukáš (Relatore della tesi)
Natura: Manoscritto Libro
Lingua:slovacco
Pubblicazione: 2024
Soggetti:
Accesso online:http://is.stuba.sk/zp/portal_zp.pl?podrobnosti=184243
Tags: Aggiungi Tag
Nessun Tag, puoi essere il primo ad aggiungerne!!

MARC

LEADER 00000ntm a22000003a 4500
001 stuzp99937
003 SK-STU
005 20250304074505.3
007 ta
008 150427s2015----xo-----f-mn---000-0-slo-d
040 |a STU  |b slo 
041 0 |a slo 
100 1 |a Tekel, Lukáš  |u 020030  |4 aut  |U SjF Strojnícka fakulta  |T SjF Ústav automobilového inžinierstva a konštruovania  |X 93363  |U J0030  |Y 806  |7 93363 
242 0 1 |a Integration of 3D scanning in reverse engineering part manufacturing  |y eng 
245 1 0 |a Integrácia 3D skenovania pri výrobe súčiastky v reverznom inžinierstve 
260 |c 2024 
650 4 |a 3D skenovanie  |2 slo 
650 4 |a reverzné inžinierstvo  |2 slo 
650 4 |a CAD modelovanie  |2 slo 
650 4 |a Jeep Cherokee  |2 slo 
650 4 |a 3D scanning  |2 eng 
650 4 |a reverse engineering  |2 eng 
650 4 |a CAD modeling  |2 eng 
650 4 |a Jeep Cherokee  |2 eng 
700 1 |a Pajtinka, Lukáš  |u 020070  |k Z3  |4 ths  |U SjF Strojnícka fakulta  |T SjF Ústav výrobného inžinierstva a kvality produkcie  |X 93313  |U J0070  |Y 804  |7 93313 
856 4 |u http://is.stuba.sk/zp/portal_zp.pl?podrobnosti=184243 
996 |b 284J047725  |c J* 3821/DBP  |l JJSK  |s A  |a 24  |w stuzp99937_0001